000 00477 a2200157 4500
020 _a9780198564461
082 _a621.38159
090 _c7235
_d7235
100 _aJespers, Paul G.
245 _a Integrated converters : D to A and A to D architectures, analysis and simulation
_cPaul G. Jespers
260 _aNew York
_bOxford University Press
_c2001
300 _a259 p.
650 _aDigital-to-analog converters
700 _aPaul G. Jespers
942 _cBK
_k621.38159 JES
999 _c11038
_d11038